000 00793 a2200205 4500
999 _c2838
_d2838
020 _a0850925576
050 _aTD191 POL 2000
100 _aW'O Okot-Uma, Rodgers
_eeditor
245 _aPollution control and waste management in developing countries /
_cRogers W'O Okot-Uma [and others]
264 _aLondon
_bCommonwealth Secretariat
_c2000
300 _a461p. :
_bill.
440 _aEnvironment series (Commonwealth Secretariat)
500 _aIncludes bibliographical references
650 _aPollution -- Developing countries
_xRefuse and refuse disposal -- Developing countries -- Management
700 _aEkosse, George
_eeditor
700 _aBogatsu, Yvonne Gotlop
_eeditor
700 _aDarkoh, Kwesi
_deditor
700 _aTotolo, Otlogetswe
_deditor
942 _2lcc
_cBK
_h191
_iPOL
_kTD